An Historical Gazetteer of Cyprus (1850-1987) with Notes on Population (Record no. 574552)

MARC details
000 -LEADER
fixed length control field 00511nam a2200169Ia 4500
008 - FIXED-LENGTH DATA ELEMENTS--GENERAL INFORMATION
fixed length control field 250702s9999 xx 000 0 und d
020 ## - INTERNATIONAL STANDARD BOOK NUMBER
ISBN 3631430078
082 ## - DEWEY DECIMAL CLASSIFICATION NUMBER
Classification number 915.645003
Item number KOR
100 ## - MAIN ENTRY--AUTHOR NAME
Personal name Kornrumpf, Hans-Jürgen
245 #3 - TITLE STATEMENT
Title An Historical Gazetteer of Cyprus (1850-1987) with Notes on Population
260 ## - PUBLICATION, DISTRIBUTION, ETC. (IMPRINT)
Name of publisher Peter Lang Pub Incorporated
Year of publication 1990
300 ## - PHYSICAL DESCRIPTION
Number of Pages 324 pages
500 ## - GENERAL NOTE
General note Spine title: Gazetteer of Cyprus (1850-1987).
650 ## - SUBJECT ADDED ENTRY--TOPICAL TERM
Topical Term History
942 ## - ADDED ENTRY ELEMENTS (KOHA)
Koha item type English Books
Holdings
Withdrawn status Lost status Damaged status Not for loan Home library Current library Shelving location Date acquired Full call number Accession Number Price effective from Koha item type
        Anna Centenary Library Anna Centenary Library 7TH FLOOR, B WING 02.07.2025 915.645003 KOR 219973 02.07.2025 English Books

Find us on the map